000
00206 a2200097 4500
001
18503
100
_a
Khan M.A
245
_a
Tazkara
260
_a
_b
M Rahmani printing press
_c
1964
090
_c
13739
_d
13739
942
_a
NUST-CAE
_c
M
_c
4157
999
_c
253576
_d
253576